000 00908nam a2200253Ia 4500
003 OSt
005 20220923213516.0
006 a|||||r|||| 00| 0
007 ta
008 220922b |||||||| |||| 00| 0 hin d
024 _a162,466
037 _cTextual
040 _aARTS
_cARTS
_bhin
041 _2hin
_ahin
082 _aO152,3M80:g, L3
100 _aगोयनका, कमलकिशोर
_9156292
245 0 _aप्रेमचंद के उपन्यासों का शिल्प विधान
246 _aPremachanda ke upanyāsoan kā shilpa vidhāna
260 _aदिल्ली
_b सरस्वती प्रकाशन
_c1974
300 _a574 पृ.
_ccm.
650 _aहिन्दी साहित्य
_9156264
942 _hO152,3M80:g, L3
_cTEXL
_2CC
999 _c316946
_d316946